000 00670nam a2200241 a 4500
005 20210219153209.0
008 991125n 000 0 spa u
035 _aUPN01000083667
100 _aCORONADO H., Martha
222 _aPERSPECTIVAS DOCENTES
245 _aLa investigación como parte de la formación profesional universitaria
260 _aVILLA HERMOSA, TABASCO
300 _a3-10
362 _a1996 19, may.-ago.
653 0 _aDOCENCIA
653 0 _aEDUCACION DE USUARIOS
653 0 _aEDUCACION SUPERIOR
653 0 _aFORMACION PROFESIONAL
653 0 _aMEXICO
653 0 _aSISTEMA EDUCATIVO
904 _aAC
_b021478
905 _aArticulo
999 _c70818
_d70818